History Quiz

Random History or Year Quiz

Historical Events of 1994 Quiz Stats

 Plays Quiz Updated Dec 27, 2018

Challenge
Share
Tweet
Embed
Score 0/25 Timer 06:00
0 Plays Today
Description Event % Correct
This former American Football star's ex-wife is murdered, beginning a sensational investigation and trialO.J. Simpson
87.1%
This Steven Spielberg Holocaust drama wins best picture at the Academy AwardsSchindler's List
82.7%
Colombian athlete Andres Escobar is murdered, possibly in retaliation for accidentally scoring against his own team in this international tournamentFIFA World Cup
77.3%
A rail line between the United Kingdom and France opens, using a tunnel under this body of waterThe English Channel
77.1%
A strike ends the season of this major North American sports leagueMajor League Baseball
76.3%
Newt Gingrich leads this US political party to victory in the 1994 midterm electionsThe Republican Party
73%
The lead singer of this famous grunge band is found dead in his home outside of Seattle, WashingtonNirvana
72.5%
This agreement, creating a large tariff-free zone linking three major countries, goes into effectNorth American Free Trade Agreement
68.5%
Former US President Ronald Reagan confirms the long-suspected rumors that he is suffering from this degenerative illnessAlzheimer's Disease
64.8%
US troops are withdrawn from this African nation after a disastrous peacekeeping missionSomalia
62.2%
This famous Edvard Munch painting is stolen from the National Gallery of NorwayThe Scream
62%
A major fragment from Comet Shoemaker-Levy 9 hits this planetJupiter
61.6%
US President Bill Clinton signs the Kremlin Accords, a nuclear weapons treaty, with this Russian PresidentBoris Yeltsin
60.2%
Description Event % Correct
This terrorist group formally ends all military operations in an attempt to support its political arm in upcoming peace talksThe Provisional Irish Republican Army
46.7%
The genocide of this ethnic group in Rwanda begins with the death of President Juvenal HabyarimanaThe Tutsi
44.8%
The Markale Massacres kill 68 shoppers in a market in this Bosnian citySarajevo
43.8%
Jean-Bertrand Aristide, former President of this country, returns from exile for the first time in 3 yearsHaiti
39.8%
This man becomes the Prime Minister of Italy for the first timeSilvio Berlusconi
32.3%
Russian troops enter this rebellious Russian province in an attempt to bring it back under government controlChechnya
30.3%
The Aum Shirinkyo cult launches a terrorist attack on the Tokyo subway using this gasSarin
28.2%
Kansai International Airport opens in this Japanese cityOsaka
27.4%
The port of Aden is occupied by troops from the Northern section of this modern day countryYemen
23.5%
The US government is forced to bail out this country after an exchange rate alteration causes a financial crisisMexico
22.1%
The Lusaka protocol declares a cease-fire in the nearly 30 year long civil war of this nationAngola
13.6%
The Bishkek Protocol ends fighting in Nagorno-Karabakh, a region of dispute between these two nationsArmenia and Azerbaijan
8.3%

You're not logged in!

Compare scores with friends on all Sporcle quizzes.
OR
Log In

You Might Also Like...

Show Comments

Extras

Top Quizzes Today


Score Distribution

Your Account Isn't Verified!

In order to create a playlist on Sporcle, you need to verify the email address you used during registration. Go to your Sporcle Settings to finish the process.

Report this User

Report this user for behavior that violates our Community Guidelines.

Details: